Guzior - Wszystkie Piosenki - Statystyki

Ogólne statystyki
  • Ten quiz został rozwiązany 2 razy
  • Średni wynik to 53 z 63
Statystyki odpowiedzi
G % Poprawnych
2018
100%
8MILA
100%
BILBO SKIT
100%
BLUEBERRY
100%
BOILER ROOM
100%
BULLY
100%
CASTROL
100%
CHABO
100%
FALA
100%
FALA - Sequel
100%
G.O.L.D
100%
HILL BOMB
100%
INTRO27
100%
JAKI PROBLEM
100%
Karnawał
100%
Kevlar
100%
KUSHKOMA
100%
ŁAPIE OKAZJE
100%
MikMik
100%
MOBY
100%
Nie pytaj czy wniosę ten krzyż
100%
Ninja
100%
OCNMR
100%
OD PONIEDZIAŁKU DO NIEDZIELI SKIT
100%
Ōmori Ōmori
100%
Piniata
100%
Piniata - Remix
100%
Płuca zlepione topami
100%
Płuca zlepione topami (Remix)
100%
Po staremu
100%
POWAŻNI
100%
Sowa
100%
SSJ2 (Same Kłopoty)
100%
Stranger Things
100%
STRZELAM PETEM
100%
Tajfun92
100%
Tatuaże z henny
100%
TRAPSTAR
100%
Uppercut
100%
WIFI
100%
WRACAM Z TRASY SKIT
100%
WTC
100%
ylloM
100%
ZAKAS
100%
Blackout
50%
Clint Eastwood
50%
Dingy Alley
50%
EEHE
50%
Gambino
50%
GHOUL
50%
Growl
50%
Jebać vibe
50%
Jerry Springer
50%
Mięta
50%
MikMik (Remix)
50%
Normalnie żyjąc
50%
Rise
50%
Spadnie deszcz
50%
Venice Beach
50%
Witch H.R.
50%
W.SAMO.SERCE
50%
Yu-Gi-Oh
50%
Mój krąg
0%
Nie znaleziono quizów pasujących do podanych kryteriów
Rozkład punktacji
Procent ludzi z każdym wynikiem
Percentyl według liczby udzielonych odpowiedzi
Twoja historia wyników
Nie rozwiązałeś tego quizu